Economic behavior and institutions

Αποθηκεύτηκε σε:
Λεπτομέρειες βιβλιογραφικής εγγραφής
Κύριος συγγραφέας: THrainn Eggertsson 1941-
Μορφή: Βιβλίο
Γλώσσα:English
Δημοσίευση: Cambridge : Cambridge University , 1990
Σειρά:Cambridge surveys of economic literature
Θέματα:
Ετικέτες: Προσθήκη ετικέτας
Δεν υπάρχουν, Καταχωρήστε ετικέτα πρώτοι!

MARC

LEADER 00000pam a2200000 i 4500
001 1/4677
008 960507s1990 eng d
020 |a 0-521-34891-9 
035 |l 10015722 
040 |a GR-MY-UA  |b gre  |e aacr 
041 0 |a eng 
082 0 |a 338.501 
100 1 |a THrainn Eggertsson  |d 1941- 
245 1 0 |a Economic behavior and institutions /  |c Thrainn Eggertsson 
260 |a Cambridge :   |b Cambridge University ,   |c 1990 
300 |a xv, 385 p.;  |c 22 cm 
490 1 |a Cambridge surveys of economic literature 
504 |a Includes bibliographical references and index 
650 0 0 |a Institutional economics. 
650 0 0 |a Right of property. 
830 0 |a Cambridge surveys of economic literature 
852 |a INST  |b LESVOS  |e 19960507  |h 338.501 THR  |p 005100008924  |q 005100008924  |t BK  |y 0 
909 |a Λ  |b 043751